00390pab a2200121 454500008004000000100001700040245013500057260000900192300001500201362000800216650002000224773002400244180718b2011 xxu||||| |||| 00| 0 eng d aAsh, John S. aRadiation or riots: Risk perception in nuclear power decision making and deliberative approaches to resolving stakeholder conflict c2011 ap.317-344. aJun aNuclear weapons aPolitics and Policy